000 01087cab a2200337 4500
001 ABS55756
008 090401t1996 xxu||||| |||| 00| 0 eng d
035 _a(Sirsi) u18599
041 _aeng
100 _aSeidl, A.
245 _aEnd of the road
260 _c1996
350 _a0
490 _aEstates Gazette
_v(9635) 31 August 1996, 34-50(7)
520 _aDiscusses ways to reduce traffic pollution following the Government 10-year plan to introduce measures such as allowing local authorities too close roads where emission levels exceed recommended standards. Traffic congestion is both an urban and rural problem.
650 _aAIR QUALITY
650 _aCAR USE
650 _aEMISSION LEVELS
650 _aNATIONAL AIR QUALITY STRATEGY
650 _aOUT-OF-TOWN
650 _aPLANNING POLICY
650 _aPOLLUTION
650 _aPUBLIC TRANSPORT
650 _aROAD CLOSURES
650 _aTOWN CENTRES
650 _aTRAFFIC CONGESTION
650 _aTRAFFIC MANAGEMENT
690 _aTRANSPORT AND COMMUNICATIONS
942 _n0
948 _c04/03/1997
999 _c12378
_d12378